Регионална библиотека "Любен Каравелов" - Русе

Световното наследство на България (Запис номер 196564)

MARC детайли
000 -Лидер
Контролно поле с фиксирана дължина 04934nam a2200601 c 4500
003 - Код на организацията, давaща контролен номер
Контролно поле BLK
005 - Дата и час на последна редакция
Контролно поле 20230421130413.0
008 - Елементи от данни с фиксирана дължина
fixed length control field 180411b bul|||||r ||||||| ||bul||
010 ## - Наследен системен номер
LC control number KNG00205837000
020 ## - Международен стандартен номер на книга ISBN
Международен стандартен номер на книга ISBN 978-954-8104-35-7
-- издат.: Науч.-информ. център Бълг. енциклопедия - (Научн.-информ. център Бълг. енциклопедия)(подв.)
020 ## - Международен стандартен номер на книга ISBN
Международен стандартен номер на книга ISBN 978-954-322-825-6
-- издат.: Акад. изд. Проф. Марин Дринов - (Акад. изд. Проф. Марин Дринов)(подв.)
040 ## - Източник на каталожния запис
Идентификатор на билиотеката - собственик на записа BLK
041 ## - Код за език
Код за езика на текст/звукозапис или на отделно заглавие Български
Код за езика КДБФ Български
Други езици Английски
080 ## - УДК
Текстов определител УДК Паметници на културата на историческите периоди. Археологическите паметници. Старини
УДК код - определител по УДК 904
УДК определител (497.2)
УДК - код + определител 904(497.2)
100 1# - Редна дума - Автор
Автор Станчева, Магдалина Михайлова
Авторска отговорност първи автор
R(LIN) 364843
139 ## - Редно поле
Редна дума Световното наследство на България
Авторски знак Све - С 25
245 10 - Сведения за заглавието
Заглавие Световното наследство на България
Редно поле (дума) Магдалина Михайлова Станчева; прев. на англ. Васил Боянов Атанасов; прев. на англ. Никола Бориславов Чалъков; * Диана Спасова Гергова; * Мария Константинова Чичикова; * Люба Левова Огненова-Маринова; * Лозинка Велинова Койнова-Арнаудова; * Лиляна Николова Мавродинова; * Албена Стоянова Мазакова; * Кирил Александров Георгиев; * Мила Христова Сантова; * Таню Манев Мичев; * Майя Петрова Стойнева; * Александра Иванова Киселкова; * Лиляна Данкова Петрова; * Александра Иванова Панайотова-Киселкова.
246 11 - Различни форми на заглавието
Паралелно заглавие World Heritage of Bulgaria
250 ## - Област на изданието
Сведения за изданието 2. доп. изд.
257 ## - Страна на издаване
Страна на създаване/издаване България
260 ## - Област на издателските данни
-- София
Име на издателя, разпространителя и проч. Науч.-информ. център Бълг. енциклопедия
-- Акад. изд. Проф. Марин Дринов
Година на издаване 2016
Печатница София : печ. на изд. на БАН Проф. Марин Дринов
300 ## - Физическа характеристика
Страници 252 с.
Илюстрации и др. с цв. ил.
Размери/Мащаб 22Х24 см
380 ## - Жанр
Жанр История
500 ## - Общи забележки
Забележка 1. изд. 2010. - Други авт.: Д. Гергова, М. Чичикова, Л. Огненова-Маринова, Л. Койнова-Арнаудова, Л. Мавродинова, А. Мазакова, К. Георгиев, М. Сантова, Т. Мичев, М. Стойнева, Ал. Киселкова, Л. Петрова ; Пълното име на Александра Иванова Киселкова е Александра Иванова Панайотова-Киселкова. - Съдържа и Към читателите ; История на България - кратка хроника ; Лични имена, географски имена и термини.
650 #4 - Допълнително описание по предмет – тема
Основно описание – тема или топоним Културно-историческо наследство - България
9 (RLIN) 335838
650 #4 - Допълнително описание по предмет – тема
Основно описание – тема или топоним България - старини
9 (RLIN) 262139
650 #4 - Допълнително описание по предмет – тема
Основно описание – тема или топоним България - паметници на културата
9 (RLIN) 340984
651 #4 - Допълнително описание по предмет - топоним
Географско понятие България
9 (RLIN) 241624
653 ## - Ключова дума – ненормативна
Ключова дума културно-историческо наследство
653 ## - Ключова дума – ненормативна
Ключова дума паметници на културата
659 ## - Тематичен бюлетин
Тематичен бюлетин Н
700 1# - Други автори (авторска отговорност)
Лично име Атанасов, Васил Боянов
Автороска отговорност (Описва отношението между автора и произведението) прев. на англ.
9 (RLIN) 376722
700 1# - Други автори (авторска отговорност)
Лично име Чалъков, Никола Бориславов
Автороска отговорност (Описва отношението между автора и произведението) прев. на англ.
9 (RLIN) 347449
700 1# - Други автори (авторска отговорност)
Лично име Гергова, Диана Спасова
Автороска отговорност (Описва отношението между автора и произведението) *
9 (RLIN) 365120
700 1# - Други автори (авторска отговорност)
Лично име Чичикова, Мария Константинова
Автороска отговорност (Описва отношението между автора и произведението) *
9 (RLIN) 380973
700 1# - Други автори (авторска отговорност)
Лично име Огненова-Маринова, Люба Левова
Автороска отговорност (Описва отношението между автора и произведението) *
9 (RLIN) 104400
700 1# - Други автори (авторска отговорност)
Лично име Койнова-Арнаудова, Лозинка Велинова
Автороска отговорност (Описва отношението между автора и произведението) *
9 (RLIN) 385587
700 1# - Други автори (авторска отговорност)
Лично име Мавродинова, Лиляна Николова
Автороска отговорност (Описва отношението между автора и произведението) *
9 (RLIN) 385588
700 1# - Други автори (авторска отговорност)
Лично име Мазакова, Албена Стоянова
Автороска отговорност (Описва отношението между автора и произведението) *
9 (RLIN) 347450
700 1# - Други автори (авторска отговорност)
Лично име Георгиев, Кирил Александров
Автороска отговорност (Описва отношението между автора и произведението) *
9 (RLIN) 347451
700 1# - Други автори (авторска отговорност)
Лично име Сантова, Мила Христова
Автороска отговорност (Описва отношението между автора и произведението) *
9 (RLIN) 364872
700 1# - Други автори (авторска отговорност)
Лично име Мичев, Таню Манев
Автороска отговорност (Описва отношението между автора и произведението) *
9 (RLIN) 366515
700 1# - Други автори (авторска отговорност)
Лично име Стойнева, Майя Петрова
Автороска отговорност (Описва отношението между автора и произведението) *
9 (RLIN) 381863
700 1# - Други автори (авторска отговорност)
Лично име Киселкова, Александра Иванова
Автороска отговорност (Описва отношението между автора и произведението) *
9 (RLIN) 385589
700 1# - Други автори (авторска отговорност)
Лично име Петрова, Лиляна Данкова
Автороска отговорност (Описва отношението между автора и произведението) *
9 (RLIN) 347452
700 1# - Други автори (авторска отговорност)
Лично име Панайотова-Киселкова, Александра Иванова
Автороска отговорност (Описва отношението между автора и произведението) *
9 (RLIN) 347453
720 ## - Неконтролирано име
Паралелен автор [Magdalina Mihailova Stancheva ... и др.] ; [ed. by Magdalina Mihailova Stancheva]
Ключова дума за отношение (Описва отношението между автора и произведението) паралелен автор
852 ## - Местоположение
Форматна сигнатура Цб 285401
856 4# - Електронен адрес и достъп
Електронен формат pdf - файл
Път до файла /url/
856 4# - Електронен адрес и достъп
Електронен формат pdf - файл
Път до файла /url/
942 ## - АРТИКУЛИ
Вид на библиотечния материал Книги
Скрит в OPAC Не
Koha issues (borrowed), all copies 2
944 ## - СЪЗДАВАНЕ И РЕДАКЦИЯ на ЗАПИСА
Създаване/Редакция Създаване
Дата на регистрацията/редакция 04.05.2017
Статус, дата на статуса ф /
Служител, извършил регистрацията/редакцията Виолета_Тройчева
944 ## - СЪЗДАВАНЕ И РЕДАКЦИЯ на ЗАПИСА
Създаване/Редакция Редакция
Дата на регистрацията/редакция 29.09.2017
Статус, дата на статуса ф /
Служител, извършил регистрацията/редакцията Виолета_Тройчева
999 ## - СИСТЕМНИ КОНТРОЛНИ НОМЕРА
Koha biblionumber 196564
Koha biblioitemnumber 196564
Наличности
Код за отписване Код за изгубен артикул Код за повреда Коз за рестрикции Код за отдаване Артикулен № Име на библиотеката - собственик Име на библиотеката, в която се намира в момента Статус (Текущо местоположение) Дата на вписване в системата Местоположение - отдел Цена в лева Инвентарен номер Систематично азбучна сигнатура Баркод Номер на екземпляра Цена в евро Служебна бележка Служебен тип на артикула
  Не е изгубен Не е повреден без рестрикции заемане за дома 342696 Регионална библиотека "Любен Каравелов" Русе Регионална библиотека "Любен Каравелов" Русе Заемна - подръчен фонд 2017-05-12 Заемна - подръчен фонд 24.00 120000810668 П 904/С 25 120000810668 1 12.27 Дост: DA Вид: А N: 21 Дата: 12.05.2017 Дата инв: 07.02.2018 Бележки инв: П2018 Книги
  Не е изгубен Не е повреден без рестрикции ползва се в читалня 342697 Регионална библиотека "Любен Каравелов" Русе Регионална библиотека "Любен Каравелов" Русе Хранилище 2017-08-16 Хранилище 24.00 120000814250 Цб 285401 120000814250 2 12.27 Дост: Dp Вид: Д N: 29 Дата: 21.06.2017 Книги
Vip Innovations Ltd, Rousse, Bulgaria 2025